00453nam a2200181 a 450000100060000000300090000600800410001502000150005604000280007108200170009910000240011624500200014025000060016026000460016630000080021265000280022065000230024813688CO-ViMGA141112s2004 ck r 000 u spa d a0312252048 aCO-ViMGAbspacCO-ViMGA04a333.79 H891p1 aHoward Davis, David10aEnergy politics a3 aNueva York : bSt. Martin's Press, c1982 a32314aPolítica ENERGética14aRECURSOS NATURALES